[Event "San Agustin op U18"]
[Site "San Agustin"]
[Date "1997.??.??"]
[Round "?"]
[White "Medvegy, Zoltan"]
[Black "Kosteniuk, Alexandra"]
[Result "1/2-1/2"]
[WhiteElo "2295"]
[BlackElo "2290"]
[PlyCount "127"]
[EventDate "1997.??.??"]
[EventType "swiss"]
[EventRounds "9"]
[EventCountry "ESP"]
[SourceTitle "EXT 2000"]
[Source "ChessBase"]
[SourceDate "1999.11.16"]
[SourceVersion "1"]
[SourceVersionDate "1999.11.16"]
[SourceQuality "1"]

1. e4 c5 2. Nf3 e6 3. d4 cxd4 4. Nxd4 Nc6 5. Nb5 d6 6. Bf4 e5 7. Be3 Nf6 8. Bg5
Qa5+ 9. Qd2 Nxe4 10. Qxa5 Nxa5 11. Be3 Bd7 12. f3 Nf6 13. Bxa7 Nc6 14. Bf2 d5
15. Be2 Bd6 16. O-O Ke7 17. c4 Be6 18. Rd1 d4 19. f4 Ne4 20. Nxd6 Kxd6 21.
fxe5+ Kxe5 22. Nd2 Nxf2 23. Kxf2 Rhd8 24. Bf3 Ra6 25. Bxc6 Rxc6 26. Nf3+ Kf6
27. Rxd4 Rxd4 28. Nxd4 Rxc4 29. Rd1 Rc8 30. a3 Ke5 31. Nf3+ Kf6 32. Rd2 Rc1 33.
Ke3 Bg4 34. Rd6+ Ke7 35. Rb6 Bc8 36. Nd4 f6 37. Rb3 Rg1 38. Kf2 Rd1 39. Nf3 Rc1
40. Ke3 Rc2 41. Rc3 Rxc3+ 42. bxc3 Kd6 43. Kd4 Kc6 44. Nd2 Be6 45. c4 Bg4 46.
a4 b6 47. Kc3 Bd1 48. Kb4 h6 49. Nf1 Bc2 50. Ng3 g6 51. Ne2 Be4 52. g3 f5 53.
Nd4+ Kb7 54. Ne6 g5 55. Nd8+ Kc7 56. Nf7 Kd7 57. Nxh6 Ke6 58. Kb5 Bd3 59. Kxb6
Bxc4 60. a5 Kf6 61. h4 Kg6 62. Nxf5 Kxf5 63. g4+ Kxg4 64. hxg5 1/2-1/2

[Event "San Agustin op U18"]
[Site "San Agustin"]
[Date "1997.??.??"]
[Round "?"]
[White "Perez Candelario, Manuel"]
[Black "Kosteniuk, Alexandra"]
[Result "0-1"]
[WhiteElo "2070"]
[BlackElo "2290"]
[PlyCount "54"]
[EventDate "1997.??.??"]
[EventType "swiss"]
[EventRounds "9"]
[EventCountry "ESP"]
[SourceTitle "EXT 2000"]
[Source "ChessBase"]
[SourceDate "1999.11.16"]
[SourceVersion "1"]
[SourceVersionDate "1999.11.16"]
[SourceQuality "1"]

1. Nf3 d5 2. d4 Nf6 3. Bg5 e6 4. e3 Be7 5. Bd3 h6 6. Bh4 O-O 7. Nbd2 b6 8. O-O
c5 9. c3 Bb7 10. Ne5 Ne4 11. Bxe7 Qxe7 12. f4 Nd7 13. Ndf3 a6 14. Nxd7 Qxd7 15.
Ne5 Qe7 16. Qh5 Nf6 17. Qh3 Nd7 18. Nxd7 Qxd7 19. f5 exf5 20. Bxf5 Qd6 21. Rf4
Rae8 22. Raf1 cxd4 23. cxd4 Re7 24. g4 Rfe8 25. g5 Rxe3 26. Qh5 Re1 27. Bd3
Qxf4 0-1

[Event "Wch U14 Girls"]
[Site "Cannes"]
[Date "1997.??.??"]
[Round "6"]
[White "Charkhalashvili, Inga"]
[Black "Kosteniuk, Alexandra"]
[Result "0-1"]
[WhiteElo "2110"]
[BlackElo "2290"]
[PlyCount "44"]
[EventDate "1997.??.??"]
[EventType "swiss"]
[EventRounds "10"]
[EventCountry "FRA"]
[SourceTitle "EXT 2000"]
[Source "ChessBase"]
[SourceDate "1999.11.16"]
[SourceVersion "1"]
[SourceVersionDate "1999.11.16"]
[SourceQuality "1"]

1. d4 d6 2. Nf3 Bg4 3. c3 Nd7 4. Qb3 Rb8 5. Nbd2 Ngf6 6. e4 Bxf3 7. gxf3 e5 8.
Bc4 Qe7 9. Nf1 g6 10. Be3 c6 11. O-O-O Bg7 12. Ng3 b5 13. Be2 a5 14. f4 exf4
15. Bxf4 Nxe4 16. Nxe4 Qxe4 17. Be3 O-O 18. Bd3 Qe6 19. d5 cxd5 20. Bxb5 Nc5
21. Bxc5 dxc5 22. Qa4 Qb6 0-1

[Event "Wch U14 Girls"]
[Site "Cannes"]
[Date "1997.??.??"]
[Round "7"]
[White "Calotescu, Ana Cristina"]
[Black "Kosteniuk, Alexandra"]
[Result "1-0"]
[WhiteElo "2095"]
[BlackElo "2290"]
[PlyCount "155"]
[EventDate "1997.??.??"]
[EventType "swiss"]
[EventRounds "10"]
[EventCountry "FRA"]
[SourceTitle "EXT 2000"]
[Source "ChessBase"]
[SourceDate "1999.11.16"]
[SourceVersion "1"]
[SourceVersionDate "1999.11.16"]
[SourceQuality "1"]

1. d4 f5 2. g3 g6 3. Bg2 Nf6 4. Nh3 Bg7 5. c3 d5 6. Nd2 O-O 7. O-O Qe8 8. Nf3
Ng4 9. Nf4 c6 10. h3 Nf6 11. Ne5 Ne4 12. Qe1 Nd6 13. Nfd3 Nd7 14. Bf4 Nf7 15.
h4 Nfxe5 16. Nxe5 Nxe5 17. dxe5 e6 18. Qd2 Rf7 19. Bf3 Rd7 20. Rad1 c5 21. Qc1
b5 22. Rd2 Bb7 23. Rc2 a5 24. Rd1 a4 25. Kg2 h5 26. Qe3 Qf8 27. Qc1 Kh7 28. Qe3
Rad8 29. Qc1 Qh8 30. Bg5 Rc8 31. c4 bxc4 32. Rxc4 Rdc7 33. Rxa4 Bxe5 34. Rd2 c4
35. Bf4 Bxf4 36. gxf4 Qf6 37. Kh3 Bc6 38. Rb4 Bd7 39. Qc3 Qe7 40. a3 Bc6 41.
Qe5 Be8 42. Rb6 Bf7 43. e3 c3 44. Rc2 cxb2 45. Rxc7 Qxc7 46. Qxb2 Qc3 47. Kg3
Qxb2 48. Rxb2 Rc3 49. Rb7 Kg8 50. a4 Ra3 51. Ra7 d4 52. exd4 e5 53. Kg2 exd4
54. Bc6 Rc3 55. Bf3 Be6 56. Re7 Bc8 57. a5 Kf8 58. Re1 d3 59. Ra1 Ba6 60. Ra4
Ke7 61. Rd4 Rc5 62. Ra4 Ke6 63. Kg3 Rc3 64. Rd4 Ra3 65. Bd5+ Ke7 66. Kf3 Rxa5
67. Ke3 Ra1 68. Bf3 Ra3 69. Kd2 Ra2+ 70. Ke3 Bb5 71. Bd1 Rb2 72. Bf3 Rc2 73.
Bd1 Rc3 74. Kd2 Rc5 75. Ke3 Ba6 76. Kd2 Bc4 77. Ke3 Ke6 78. Rxc4 1-0

[Event "Wch U14 Girls"]
[Site "Cannes"]
[Date "1997.??.??"]
[Round "9"]
[White "Krush, Irina"]
[Black "Kosteniuk, Alexandra"]
[Result "1-0"]
[WhiteElo "2245"]
[BlackElo "2290"]
[PlyCount "70"]
[EventDate "1997.??.??"]
[EventType "swiss"]
[EventRounds "10"]
[EventCountry "FRA"]
[SourceTitle "EXT 2000"]
[Source "ChessBase"]
[SourceDate "1999.11.16"]
[SourceVersion "1"]
[SourceVersionDate "1999.11.16"]
[SourceQuality "1"]

1. d4 d6 2. c4 e5 3. Nf3 e4 4. Ng5 f5 5. g3 Be7 6. Nh3 c6 7. Nc3 Bf6 8. Bg2 Be6
9. d5 Bf7 10. Qb3 Qd7 11. Ng5 Nh6 12. O-O O-O 13. Bh3 Bxc3 14. Qxc3 cxd5 15.
cxd5 Bxd5 16. Rd1 Bc6 17. Bf4 Rf6 18. Qb3+ Kh8 19. Qa3 Nf7 20. Nxf7+ Qxf7 21.
Bxd6 Nd7 22. e3 Rh6 23. Bf1 Nf6 24. h3 Nd5 25. Rd2 Qe6 26. Bc5 b6 27. Bb4 f4
28. exf4 e3 29. fxe3 a5 30. Bd6 Rg6 31. Kh2 Nxe3 32. Be5 Nxf1+ 33. Rxf1 Rh6 34.
h4 Bd7 35. Rfd1 Rd8 1-0

[Event "RUS-ch (Women)"]
[Site "Elista"]
[Date "1997.09.20"]
[Round "2"]
[White "Kosteniuk, Alexandra"]
[Black "Manakova, Maria"]
[Result "0-1"]
[WhiteElo "2275"]
[BlackElo "2345"]
[PlyCount "78"]
[EventDate "1997.09.19"]
[EventType "swiss"]
[EventRounds "11"]
[EventCountry "RUS"]
[SourceTitle "EXT 1998"]
[Source "ChessBase"]
[SourceDate "1997.11.17"]
[SourceVersion "1"]
[SourceVersionDate "1997.11.17"]
[SourceQuality "1"]

1. e4 c5 2. Nf3 e6 3. d4 cxd4 4. Nxd4 Nf6 5. Nc3 Nc6 6. Ndb5 d6 7. Bf4 e5 8.
Bg5 a6 9. Na3 b5 10. Bxf6 gxf6 11. Nd5 f5 12. c3 Bg7 13. exf5 Bxf5 14. Nc2 O-O
15. Nce3 Be6 16. Bd3 f5 17. Qh5 e4 18. Bc2 Kh8 19. O-O-O Bxd5 20. Rxd5 Ne7 21.
Rd2 b4 22. c4 Qa5 23. g4 Qxa2 24. Bb1 Qa1 25. gxf5 Nc6 26. Rg1 Be5 27. f6 Rxf6
28. Rg5 Rf3 29. Rf5 Nd4 30. Rxe5 Nb3+ 31. Kc2 Nxd2 32. Re8+ Rf8 33. Rxa8 Qxb1+
34. Kxd2 Qxb2+ 35. Nc2 Qc3+ 36. Kc1 Rxa8 37. Qd5 Qd3 38. Qxd3 exd3 39. Nxb4 Rc8
0-1

[Event "RUS-ch (Women)"]
[Site "Elista"]
[Date "1997.09.21"]
[Round "3"]
[White "Razumova, Tatiana"]
[Black "Kosteniuk, Alexandra"]
[Result "1/2-1/2"]
[WhiteElo "2240"]
[BlackElo "2275"]
[PlyCount "136"]
[EventDate "1997.09.19"]
[EventType "swiss"]
[EventRounds "11"]
[EventCountry "RUS"]
[SourceTitle "EXT 1998"]
[Source "ChessBase"]
[SourceDate "1997.11.17"]
[SourceVersion "1"]
[SourceVersionDate "1997.11.17"]
[SourceQuality "1"]

1. d4 f5 2. c4 e6 3. Nc3 Nf6 4. e3 Bb4 5. Bd2 O-O 6. Qb3 Bxc3 7. Bxc3 b6 8. Nh3
Bb7 9. f3 a5 10. Bd3 Qe7 11. O-O d6 12. Rae1 Nbd7 13. Qc2 Kh8 14. b3 Rae8 15.
Bb2 Qd8 16. Qf2 Qe7 17. Qh4 Kg8 18. g4 fxg4 19. fxg4 Be4 20. Be2 Bg6 21. Nf4
Ne4 22. Qxe7 Rxe7 23. Nxg6 hxg6 24. Bd3 Ng5 25. Kg2 Rxf1 26. Rxf1 Nf8 27. h4
Nf7 28. g5 e5 29. Kf3 Re6 30. Be4 Re7 31. Bd5 Nd7 32. Kg4 exd4 33. exd4 Nb8 34.
Ba3 Kf8 35. c5 Ke8 36. Bxf7+ Rxf7 37. Rxf7 Kxf7 38. cxd6 c6 39. Bc1 Ke6 40. Bf4
b5 41. h5 gxh5+ 42. Kxh5 Kf5 43. Bd2 a4 44. bxa4 bxa4 45. Ba5 Nd7 46. Bd8 Nf8
47. Be7 Nd7 48. a3 c5 49. dxc5 Nxc5 50. Bf8 g6+ 51. Kh6 Nd7 52. Be7 Ne5 53. Kg7
Ke6 54. Bf6 Nf3 55. Kxg6 Nxg5 56. Kxg5 Kxd6 57. Kf5 Kc7 58. Ke6 Kb7 59. Kd5 Ka8
60. Kc4 Kb7 61. Kb4 Ka7 62. Kxa4 Kb7 63. Kb5 Ka7 64. Kc6 Kb8 65. a4 Ka8 66. a5
Kb8 67. Bd8 Ka8 68. Kc7 Ka7 1/2-1/2

[Event "RUS-ch (Women)"]
[Site "Elista"]
[Date "1997.09.23"]
[Round "5"]
[White "Zhurina, Elizaveta"]
[Black "Kosteniuk, Alexandra"]
[Result "0-1"]
[WhiteElo "2235"]
[BlackElo "2275"]
[PlyCount "80"]
[EventDate "1997.09.19"]
[EventType "swiss"]
[EventRounds "11"]
[EventCountry "RUS"]
[SourceTitle "EXT 1998"]
[Source "ChessBase"]
[SourceDate "1997.11.17"]
[SourceVersion "1"]
[SourceVersionDate "1997.11.17"]
[SourceQuality "1"]

1. Nf3 d5 2. d4 e6 3. c4 c6 4. Nc3 f5 5. g3 Nf6 6. Bg2 Bd6 7. O-O O-O 8. Qc2
Ne4 9. Rb1 Qe7 10. b4 Bd7 11. a4 a6 12. Qb3 Be8 13. Nd2 Bf7 14. Ndxe4 fxe4 15.
c5 Bc7 16. b5 axb5 17. axb5 e5 18. Be3 exd4 19. Bxd4 Be5 20. e3 Bxd4 21. exd4
Nd7 22. bxc6 bxc6 23. Qb7 Qe6 24. Rbe1 Bg6 25. Re3 Rab8 26. Qa6 Rb2 27. Ne2 Qf6
28. Bh3 Nb8 29. Qa4 Bf5 30. Bxf5 Qxf5 31. Qa3 Rb7 32. Nf4 g5 33. Ng2 Rbf7 34.
Rb3 Qh3 35. Qb2 Nd7 36. Qd2 Qh5 37. Rb7 Re7 38. Ra1 Ne5 39. Qb2 Nf3+ 40. Kf1
Nxh2+ 0-1

[Event "RUS-ch (Women)"]
[Site "Elista"]
[Date "1997.09.24"]
[Round "6"]
[White "Kosteniuk, Alexandra"]
[Black "Bezgodova, Svetlana"]
[Result "1-0"]
[WhiteElo "2275"]
[BlackElo "2180"]
[PlyCount "51"]
[EventDate "1997.09.19"]
[EventType "swiss"]
[EventRounds "11"]
[EventCountry "RUS"]
[SourceTitle "EXT 1998"]
[Source "ChessBase"]
[SourceDate "1997.11.17"]
[SourceVersion "1"]
[SourceVersionDate "1997.11.17"]
[SourceQuality "1"]

1. e4 e5 2. Nc3 Nf6 3. f4 d5 4. fxe5 Nxe4 5. d3 Nxc3 6. bxc3 d4 7. Nf3 Nc6 8.
Be2 Bc5 9. O-O dxc3+ 10. Kh1 Be6 11. Qe1 Qd5 12. Qg3 O-O-O 13. Bf4 h6 14. d4
Nxd4 15. Nxd4 Bxd4 16. Bf3 Qc4 17. Qxg7 Rhg8 18. Qf6 Rg6 19. Qh4 Bxe5 20. Bxb7+
Kxb7 21. Qxd8 Bxf4 22. Rab1+ Ka6 23. Rxf4 Qxf4 24. Qb8 Bc4 25. Qb7+ Ka5 26.
Qb4+ 1-0

[Event "RUS-ch (Women)"]
[Site "Elista"]
[Date "1997.09.25"]
[Round "7"]
[White "Prudnikova, Svetlana"]
[Black "Kosteniuk, Alexandra"]
[Result "1-0"]
[WhiteElo "2385"]
[BlackElo "2275"]
[PlyCount "83"]
[EventDate "1997.09.19"]
[EventType "swiss"]
[EventRounds "11"]
[EventCountry "RUS"]
[SourceTitle "EXT 1998"]
[Source "ChessBase"]
[SourceDate "1997.11.17"]
[SourceVersion "1"]
[SourceVersionDate "1997.11.17"]
[SourceQuality "1"]

1. d4 f5 2. g3 g6 3. Bg2 Nf6 4. Nf3 Bg7 5. O-O O-O 6. c4 d6 7. Nc3 Nc6 8. d5
Na5 9. Qa4 c5 10. dxc6 bxc6 11. Nd4 Bd7 12. Nxc6 Bxc6 13. Bxc6 Rc8 14. Bg2 Rxc4
15. Qb5 Rc5 16. Qa6 Nc4 17. Qxa7 Nd7 18. Qa4 Kh8 19. Rb1 Ndb6 20. Qd1 Rc8 21.
Nd5 Nxd5 22. Bxd5 Qa5 23. a3 Qb5 24. Qd3 Rc5 25. Rd1 Rb8 26. b4 Rc7 27. Bxc4
Rxc4 28. Bg5 Rb7 29. a4 Qc6 30. b5 Qc8 31. Rdc1 Rxc1+ 32. Rxc1 Qd7 33. Qc4 h6
34. Qc8+ Kh7 35. Qxd7 Rxd7 36. Be3 d5 37. Bc5 d4 38. a5 e5 39. a6 e4 40. a7 Rd8
41. b6 d3 42. exd3 1-0

[Event "RUS-ch (Women)"]
[Site "Elista"]
[Date "1997.09.26"]
[Round "8"]
[White "Kosteniuk, Alexandra"]
[Black "Ershova, Svetlana"]
[Result "0-1"]
[WhiteElo "2275"]
[BlackElo "2205"]
[PlyCount "134"]
[EventDate "1997.09.19"]
[EventType "swiss"]
[EventRounds "11"]
[EventCountry "RUS"]
[SourceTitle "EXT 1998"]
[Source "ChessBase"]
[SourceDate "1997.11.17"]
[SourceVersion "1"]
[SourceVersionDate "1997.11.17"]
[SourceQuality "1"]

1. e4 c6 2. d4 d5 3. Nd2 dxe4 4. Nxe4 Nf6 5. Nxf6+ gxf6 6. c3 Bf5 7. Nf3 e6 8.
g3 Qc7 9. Bg2 Nd7 10. O-O O-O-O 11. Nh4 Bg6 12. Qe2 f5 13. b4 Nf6 14. b5 c5 15.
Bg5 Be7 16. dxc5 Qxc5 17. Be3 Qc7 18. a4 Bh5 19. Qb2 Nd5 20. Bxd5 Rxd5 21. c4
Rdd8 22. b6 axb6 23. Bxb6 Qc6 24. Bxd8 Rxd8 25. Ng2 Bc5 26. Qb5 Bf3 27. Qxc6+
Bxc6 28. Ra2 Rd4 29. Rc1 Kc7 30. Nf4 Bf3 31. a5 Bb4 32. Ng2 Bc5 33. h3 Rd6 34.
Ne3 f4 35. gxf4 Rd4 36. Ng2 Rd8 37. Kh2 Rg8 38. Nh4 Bd6 39. Nxf3 Bxf4+ 40. Kh1
Bxc1 41. Nd4 Rd8 42. Ne2 Bg5 43. f4 Bf6 44. Kg2 Ra8 45. Kf3 Kc6 46. Ke4 Kc5 47.
Ra4 Ra6 48. Nc1 Bd8 49. Nd3+ Kd6 50. Rb4 Ra7 51. c5+ Kc6 52. Rd4 Bc7 53. Ne5+
Bxe5 54. Kxe5 Rxa5 55. Kf6 Rxc5 56. Kxf7 e5 57. fxe5 Rxe5 58. Rh4 h5 59. Kf6
Rc5 60. Re4 b5 61. h4 Kb6 62. Re8 b4 63. Rb8+ Ka5 64. Ra8+ Kb5 65. Rb8+ Kc4 66.
Ke6 b3 67. Kd6 Rb5 0-1

[Event "RUS-ch (Women)"]
[Site "Elista"]
[Date "1997.09.28"]
[Round "10"]
[White "Kosteniuk, Alexandra"]
[Black "Kozlovskaya, Valentina"]
[Result "1/2-1/2"]
[WhiteElo "2275"]
[BlackElo "2195"]
[PlyCount "83"]
[EventDate "1997.09.19"]
[EventType "swiss"]
[EventRounds "11"]
[EventCountry "RUS"]
[SourceTitle "EXT 1998"]
[Source "ChessBase"]
[SourceDate "1997.11.17"]
[SourceVersion "1"]
[SourceVersionDate "1997.11.17"]
[SourceQuality "1"]

1. e4 c5 2. Nf3 d6 3. d4 cxd4 4. Nxd4 Nf6 5. Nc3 a6 6. a4 Nc6 7. Be2 e5 8. Nf3
Be7 9. O-O O-O 10. Bg5 Be6 11. Qd2 Rc8 12. Rfd1 Nb4 13. Ne1 Ne8 14. Bxe7 Qxe7
15. Nd3 Nxd3 16. Bxd3 Nc7 17. a5 Rcd8 18. Qe3 g6 19. Qg3 Qf6 20. Re1 Rfe8 21.
Rad1 Kg7 22. h3 h5 23. Be2 h4 24. Qe3 d5 25. exd5 Nxd5 26. Nxd5 Bxd5 27. Rd2
Bc6 28. Red1 Rxd2 29. Rxd2 Qf4 30. Bf3 Qxe3 31. fxe3 e4 32. Be2 Re5 33. b4 f5
34. c4 g5 35. Kf2 f4 36. Bg4 Kf7 37. Bd7 Ke7 38. Bc8 Ke8 39. Rd6 Ke7 40. Rd2
Kf7 41. Rd6 Ke7 42. Rd2 1/2-1/2

[Event "RUS-ch (Women)"]
[Site "Elista"]
[Date "1997.09.29"]
[Round "11"]
[White "Ovchinnikova, Julia"]
[Black "Kosteniuk, Alexandra"]
[Result "1/2-1/2"]
[WhiteElo "2240"]
[BlackElo "2275"]
[PlyCount "145"]
[EventDate "1997.09.19"]
[EventType "swiss"]
[EventRounds "11"]
[EventCountry "RUS"]
[SourceTitle "EXT 1998"]
[Source "ChessBase"]
[SourceDate "1997.11.17"]
[SourceVersion "1"]
[SourceVersionDate "1997.11.17"]
[SourceQuality "1"]

1. d4 e6 2. c4 f5 3. Nf3 Nf6 4. Qc2 d5 5. Nc3 c6 6. Bf4 Be7 7. e3 O-O 8. Bd3
Ne4 9. g4 c5 10. gxf5 Nc6 11. a3 cxd4 12. Nxe4 dxe4 13. Bxe4 Qa5+ 14. Ke2 e5
15. Bg3 dxe3 16. fxe3 Bf6 17. Rad1 Ne7 18. Rhf1 Rb8 19. Be1 Qc7 20. Bb4 Rd8 21.
Rxd8+ Qxd8 22. Rd1 Qe8 23. Bd6 Ra8 24. c5 Kh8 25. Bc7 Nc6 26. Qd3 h6 27. Kd2
Qf7 28. Bd6 Qh5 29. Rf1 Bd7 30. Kc1 Re8 31. Kb1 a6 32. Ka1 Qh3 33. Rf2 Qg4 34.
Ka2 Na5 35. Nd2 Bb5 36. Qc2 Qg1 37. Nf3 Qg4 38. b3 Bc6 39. Bxc6 Nxc6 40. e4 Qh5
41. Qe2 Qf7 42. Qd3 Na7 43. Rc2 Nc6 44. Qc4 Qh5 45. Qe2 Qg4 46. Nd4 Qxe2 47.
Nxe2 Kg8 48. Rc3 Nd4 49. Ng1 Kf7 50. a4 Nc6 51. Nf3 Nd4 52. Rd3 Nxf5 53. Nxe5+
Bxe5 54. exf5 Kf6 55. b4 Bxh2 56. Bxh2 Re2+ 57. Kb3 Rxh2 58. b5 axb5 59. axb5
Re2 60. Kb4 Re7 61. Rd5 h5 62. Ka5 h4 63. Kb6 h3 64. Rd3 Kxf5 65. Rxh3 g5 66.
Rh8 g4 67. c6 bxc6 68. bxc6 g3 69. c7 Rxc7 70. Kxc7 Kf4 71. Kd6 Kf3 72. Ke5 g2
73. Rf8+ 1/2-1/2

[Event "Ikaria op"]
[Site "Ikaria"]
[Date "1998.??.??"]
[Round "1"]
[White "Kosteniuk, Alexandra"]
[Black "Nikolaidis, Ioannis"]
[Result "1-0"]
[WhiteElo "2260"]
[BlackElo "2490"]
[PlyCount "143"]
[EventDate "1998.??.??"]
[EventType "swiss"]
[EventRounds "9"]
[EventCountry "GRE"]
[SourceTitle "EXT 2000"]
[Source "ChessBase"]
[SourceDate "1999.11.16"]
[SourceVersion "1"]
[SourceVersionDate "1999.11.16"]
[SourceQuality "1"]

1. e4 c6 2. d4 d5 3. e5 Bf5 4. Nf3 e6 5. Be2 Nd7 6. O-O Bg6 7. b3 Ne7 8. c4 Nf5
9. Bb2 h5 10. Nbd2 Be7 11. Re1 Bh7 12. Nf1 g5 13. N3d2 g4 14. Bd3 Bg5 15. Qc2
Bg6 16. Ng3 Ne7 17. Ngf1 Bxd3 18. Qxd3 Nf8 19. Ne3 Nfg6 20. Ndf1 Nf4 21. Qc2
Neg6 22. Rac1 Kf8 23. Rcd1 Kg7 24. Ng3 Nh4 25. Kh1 Qg8 26. Bc1 Qh7 27. Qxh7+
Rxh7 28. Ngf1 Be7 29. g3 Nh3 30. gxh4 Nxf2+ 31. Kg2 Nxd1 32. Rxd1 Bxh4 33. Ng3
Be7 34. Ne2 a5 35. c5 b6 36. cxb6 Rb8 37. Bd2 Bb4 38. Bxb4 axb4 39. Nc2 Rxb6
40. Nf4 Rh8 41. Nd3 Rhb8 42. Kg3 Rb5 43. Rf1 R5b6 44. Rf2 Rb5 45. Kh4 Kg6 46.
Nf4+ Kf5 47. Nd3+ Ke4 48. Rd2 Ra8 49. Kg5 Rg8+ 50. Kh4 Ra8 51. Kg3 h4+ 52. Kxg4
Rg8+ 53. Kxh4 Rg1 54. Nde1 Rb8 55. Re2+ Kf5 56. Ne3+ Kg6 57. N3g2 Rf1 58. Kg3
Rg8 59. h3 f6 60. exf6 Kxf6+ 61. Kh2 Re8 62. Ne3 Rf4 63. Ng4+ Kg7 64. Nc2 Ra8
65. Kg3 Rf1 66. Nxb4 Rd1 67. Nxc6 Rd3+ 68. Kg2 Rc8 69. b4 Rxc6 70. Ne5 Rcc3 71.
Nxd3 Rxd3 72. Rb2 1-0

[Event "Ikaria op"]
[Site "Ikaria"]
[Date "1998.??.??"]
[Round "2"]
[White "Kosteniuk, Alexandra"]
[Black "Nikolaidis, Konstantinos"]
[Result "1-0"]
[WhiteElo "2260"]
[BlackElo "2350"]
[PlyCount "79"]
[EventDate "1998.??.??"]
[EventType "swiss"]
[EventRounds "9"]
[EventCountry "GRE"]
[SourceTitle "EXT 2000"]
[Source "ChessBase"]
[SourceDate "1999.11.16"]
[SourceVersion "1"]
[SourceVersionDate "1999.11.16"]
[SourceQuality "1"]

1. e4 c5 2. c4 Nc6 3. Nc3 g6 4. g3 Bg7 5. Bg2 e6 6. Nge2 Nge7 7. d3 d6 8. O-O
O-O 9. Rb1 Rb8 10. Be3 Nd4 11. b4 b6 12. f4 Bd7 13. Qd2 Qc7 14. Rfc1 Rfc8 15.
Qe1 e5 16. Bd2 a6 17. Nxd4 exd4 18. Nd5 Nxd5 19. cxd5 Bb5 20. Bf1 Qd7 21. Qe2
Re8 22. Qf3 Rbc8 23. g4 Qe7 24. g5 f6 25. Bh3 Rc7 26. Be6+ Kh8 27. h4 Rf8 28.
f5 Bd7 29. Rf1 c4 30. gxf6 Bxf6 31. Bh6 Re8 32. fxg6 Bxe6 33. Qxf6+ Qxf6 34.
Rxf6 hxg6 35. dxe6 cxd3 36. Rd1 Rc3 37. Rf8+ Rxf8 38. Bxf8 Kg8 39. Bxd6 Ra3 40.
e7 1-0

[Event "Ikaria op"]
[Site "Ikaria"]
[Date "1998.??.??"]
[Round "4"]
[White "Kosteniuk, Alexandra"]
[Black "Cela, Altin"]
[Result "1-0"]
[WhiteElo "2260"]
[BlackElo "2445"]
[PlyCount "63"]
[EventDate "1998.??.??"]
[EventType "swiss"]
[EventRounds "9"]
[EventCountry "GRE"]
[SourceTitle "EXT 2000"]
[Source "ChessBase"]
[SourceDate "1999.11.16"]
[SourceVersion "1"]
[SourceVersionDate "1999.11.16"]
[SourceQuality "1"]

1. e4 c6 2. d4 d5 3. e5 c5 4. dxc5 Nc6 5. Bb5 e6 6. Qg4 h5 7. Bxc6+ bxc6 8. Qa4
Bd7 9. Be3 Ne7 10. Nf3 Nf5 11. Bd4 g5 12. c3 g4 13. Nfd2 Qg5 14. Qa6 Bg7 15.
Qd3 Rb8 16. O-O Rxb2 17. Nb3 a5 18. Nxa5 h4 19. Nb3 Ke7 20. N1d2 Ra8 21. a4 Bc8
22. Rfd1 Ba6 23. c4 dxc4 24. Nxc4 Rd8 25. Be3 Rxd3 26. Bxg5+ f6 27. exf6+ Bxf6
28. Bxf6+ Kxf6 29. Nxb2 Rxb3 30. Rd2 e5 31. Nd1 Nd4 32. Rb2 1-0

[Event "Ikaria op"]
[Site "Ikaria"]
[Date "1998.??.??"]
[Round "5"]
[White "Banikas, Hristos"]
[Black "Kosteniuk, Alexandra"]
[Result "1-0"]
[WhiteElo "2495"]
[BlackElo "2260"]
[PlyCount "107"]
[EventDate "1998.??.??"]
[EventType "swiss"]
[EventRounds "9"]
[EventCountry "GRE"]
[SourceTitle "EXT 2000"]
[Source "ChessBase"]
[SourceDate "1999.11.16"]
[SourceVersion "1"]
[SourceVersionDate "1999.11.16"]
[SourceQuality "1"]

1. c4 Nf6 2. Nc3 e6 3. d4 d5 4. Bg5 Be7 5. Nf3 h6 6. Bh4 O-O 7. e3 b6 8. Qc2
Bb7 9. Bxf6 Bxf6 10. cxd5 exd5 11. O-O-O c5 12. g4 cxd4 13. exd4 Bg5+ 14. Kb1
Bc8 15. h4 Bf4 16. Ne5 Be6 17. g5 h5 18. Be2 Bxe5 19. dxe5 Nc6 20. Bf3 Nb4 21.
Qb3 Bf5+ 22. Be4 Qc8 23. Qxb4 dxe4 24. Nd5 Qe6 25. Nc7 Qxe5 26. Nxa8 e3+ 27.
Ka1 e2 28. Rd4 Rxa8 29. Qd2 Qe7 30. Re1 Re8 31. Rd5 Bg4 32. Rd3 Qe4 33. Re3 Qc6
34. Rxe8+ Qxe8 35. Qd5 g6 36. f3 Bh3 37. Qe4 Qxe4 38. fxe4 Bg4 39. Kb1 Kf8 40.
Kc2 Ke7 41. Kd2 f6 42. gxf6+ Kxf6 43. Rc1 Ke5 44. Ke3 a6 45. b4 a5 46. bxa5
bxa5 47. Rc5+ Kd6 48. Rd5+ Kc6 49. Kd2 a4 50. Ra5 Bf3 51. Rxa4 Kb5 52. Ra3 Bxe4
53. Kxe2 Kb4 54. Ra7 1-0

[Event "Ikaria op"]
[Site "Ikaria"]
[Date "1998.??.??"]
[Round "6"]
[White "Managadze, Nikoloz"]
[Black "Kosteniuk, Alexandra"]
[Result "1/2-1/2"]
[WhiteElo "2335"]
[BlackElo "2260"]
[PlyCount "112"]
[EventDate "1998.??.??"]
[EventType "swiss"]
[EventRounds "9"]
[EventCountry "GRE"]
[SourceTitle "EXT 2000"]
[Source "ChessBase"]
[SourceDate "1999.11.16"]
[SourceVersion "1"]
[SourceVersionDate "1999.11.16"]
[SourceQuality "1"]

1. d4 f5 2. Nc3 g6 3. e4 fxe4 4. Nxe4 Bg7 5. h4 Nf6 6. Nxf6+ exf6 7. h5 Qe7+ 8.
Qe2 Nc6 9. Qxe7+ Nxe7 10. Bd2 d6 11. O-O-O Be6 12. Re1 Kd7 13. h6 Bf8 14. Ne2
Re8 15. Nf4 Bf7 16. g4 g5 17. Nh5 Bxh5 18. Rxh5 Ng6 19. Rxe8 Kxe8 20. Bd3 d5
21. c4 dxc4 22. Bxc4 Kd7 23. Rh1 c6 24. Kc2 Nh4 25. Kd3 Ng6 26. b4 Bd6 27. a3
Ne7 28. Ke4 Re8 29. Re1 Ng8+ 30. Kf3 Rxe1 31. Bxe1 Nxh6 32. Bd3 Bf4 33. Bxh7
Nf7 34. Ke4 Nd6+ 35. Kd3 b5 36. Bg8 f5 37. gxf5 Nxf5 38. f3 Kd6 39. Bb3 Nh4 40.
Ke4 Ng2 41. Bf2 Bc1 42. a4 a6 43. axb5 axb5 44. d5 cxd5+ 45. Bxd5 Bd2 46. Bc5+
Kd7 47. Bg8 Nf4 48. Bh7 Kc6 49. Bf5 Be1 50. Bf8 Nd5 51. Bd7+ Kxd7 52. Kxd5 Bf2
53. Bg7 Be1 54. Kc5 Ke6 55. Kxb5 Kf5 56. Kc4 Bxb4 1/2-1/2